The annotated Criminal Offences Act of Ghana / (Record no. 161)
[ view plain ]
| 000 -LEADER | |
|---|---|
| fixed length control field | 00652cam a2200217 a 4500 |
| 001 - CONTROL NUMBER | |
| control field | 16650479 |
| 005 - DATE AND TIME OF LATEST TRANSACTION | |
| control field | 20241024094338.0 |
| 008 - FIXED-LENGTH DATA ELEMENTS--GENERAL INFORMATION | |
| fixed length control field | 110214s2008 gh 001 0 eng |
| 020 ## - INTERNATIONAL STANDARD BOOK NUMBER | |
| International Standard Book Number | 9789964960186 |
| 020 ## - INTERNATIONAL STANDARD BOOK NUMBER | |
| International Standard Book Number | 9964960182 |
| 050 00 - LIBRARY OF CONGRESS CALL NUMBER | |
| Classification number | KRX3794.3196 |
| Item number | .M46 2008 |
| 100 1# - MAIN ENTRY--PERSONAL NAME | |
| Personal name | Mensa-Bonsu, Henrietta J. A. N. |
| 245 14 - TITLE STATEMENT | |
| Title | The annotated Criminal Offences Act of Ghana / |
| Statement of responsibility, etc. | Henrietta H.J.A.N. Mensa-Bonsu. |
| 250 ## - EDITION STATEMENT | |
| Edition statement | 5th ed. |
| 260 ## - PUBLICATION, DISTRIBUTION, ETC. | |
| Place of publication, distribution, etc. | Accra : |
| Name of publisher, distributor, etc. | Black Mask, |
| Date of publication, distribution, etc. | 2008. |
| 300 ## - PHYSICAL DESCRIPTION | |
| Extent | xxxiv, 254 p. ; |
| Dimensions | 22 cm. |
| 500 ## - GENERAL NOTE | |
| General note | Includes index. |
| 650 #0 - SUBJECT ADDED ENTRY--TOPICAL TERM | |
| Topical term or geographic name entry element | Criminal law |
| Geographic subdivision | Ghana. |
| 710 12 - ADDED ENTRY--CORPORATE NAME | |
| Corporate name or jurisdiction name as entry element | Ghana. |
| Title of a work | Criminal Offences Act, 1960. |
| 942 ## - ADDED ENTRY ELEMENTS (KOHA) | |
| Source of classification or shelving scheme | Library of Congress Classification |
| Koha item type | Books |
| Suppress in OPAC | No |
| 999 ## - | |
| -- | 161 |
| -- | 161 |
| Withdrawn status | Lost status | Source of classification or shelving scheme | Damaged status | Not for loan | Home library | Current library | Shelving location | Date acquired | Total checkouts | Full call number | Barcode | Date last seen | Copy number | Price effective from | Koha item type | Collection |
|---|---|---|---|---|---|---|---|---|---|---|---|---|---|---|---|---|
| Library of Congress Classification | Law Library (Christ Temple) | Law Library (Christ Temple) | General stacks | 11/18/2024 | KRX4604.3196.M52 MEN | LLCT00000055 | 11/18/2024 | 1 | 11/18/2024 | Books | Non-fiction | |||||
| Library of Congress Classification | Law Library (Christ Temple) | Law Library (Christ Temple) | Reference | 11/18/2024 | KRX4604.3196.M52 MEN | LLCT00000659 | 05/12/2025 | 2 | 11/18/2024 | Books | Non-fiction | |||||
| Library of Congress Classification | Law Library (Miotso) | Law Library (Miotso) | Reference | 10/24/2024 | KXR4604.3196.M52 MEN | LLM00000243 | 10/24/2024 | 1 | 10/24/2024 | Books | ||||||
| Library of Congress Classification | Law Library (Miotso) | Law Library (Miotso) | Reference | 10/31/2024 | KXR4604.3196.M52 MEN | LLM00000025 | 10/31/2024 | 2 | 10/31/2024 | Books | Non-fiction | |||||
| Library of Congress Classification | Law Library (Miotso) | Law Library (Miotso) | Reference | 11/04/2024 | KXR4604.3196.M52 MEN | LLM00000363 | 11/04/2024 | 3 | 11/04/2024 | Books | Non-fiction | |||||
| Library of Congress Classification | Law Library (Miotso) | Law Library (Miotso) | Reference | 11/16/2024 | KXR4604.3196.M52 MEN | LLM00001041 | 11/16/2024 | 4 | 11/04/2024 | Books | Non-fiction | |||||
| Library of Congress Classification | Law Library (Miotso) | Law Library (Miotso) | Reference | 11/16/2024 | KXR4604.3196.M52 MEN | LLM00001042 | 11/16/2024 | 5 | 11/04/2024 | Books | Non-fiction |